Movies Quiz

Random Movies or Star Wars Quiz

The Sith Creed Quiz Stats

 Plays Quiz not verified by Sporcle

Challenge
Share
Tweet
Embed
Score 0/12 Timer 02:00
0 Plays Today
Creed % Correct
Peace is alie
94.1%
Thoughpower
94.1%
I can gainpower
94.1%
TheForce
85.3%
shall set mefree
85.3%
Thoughstrength
79.4%
I can gainstrength
79.4%
my chains arebroken
79.4%
Though passion
76.5%
there is onlypassion
76.5%
Throughvictory
67.6%
I can gainvictory
67.6%

You're not logged in!

Compare scores with friends on all Sporcle quizzes.
Join for Free
OR
Log In

You Might Also Like...

Show Comments

Extras

Created Dec 2, 2012ReportNominate
Tags:Star Wars Quiz, Sith Lords

Top Quizzes Today


Score Distribution

Your Account Isn't Verified!

In order to create a playlist on Sporcle, you need to verify the email address you used during registration. Go to your Sporcle Settings to finish the process.

Report this User

Report this user for behavior that violates our Community Guidelines.

Details: